Matematika pre gymnáziá 8

Bibliographic Details
Main Authors: Šedivý, Jaroslav, 1934-1988 (Author), Medek, Václav, 1923-1992 (Author), Odvárko, Oldřich, 1938- (Author), Riečan, Beloslav, 1936-2018 (Author), Sýkora, Václav, 1943- (Author)
Other Authors: Jablonská, Valéria, 1945- (Translator)
Format: Book
Language:Slovak
Czech
PhysicalDescription:257 strán ilustrácie, tabuľky 21 cm
Published: Bratislava Slovenské pedagogické nakladateľstvo 1981
Edition:1. vyd.
Subjects:

MARC

LEADER 00000cam a2200000 a 4500
001 vtls009578132
003 SK-MaSNL
005 20260301171407.0
008 230501s1981 xo al drp 000 0 slo
015 |a SNBA1981 
035 |a urn:nbn:sk:snk-am00ihky 
035 |a 1A2905C5-5217-488A-A71A-63D8B5BD5A27 
040 |a SNK  |b slo  |c SNK  |e AACR2 
041 1 |a slo  |h cze 
044 |a xo  |c SK 
072 7 |a 51  |x Matematika  |2 konspekt 
072 7 |a 37.016  |x Učebné osnovy. Vyučovacie predmety. Učebnice  |2 konspekt 
080 |a 51  |2 2011 
080 |a (075.3)  |2 2011 
245 0 0 |a Matematika pre gymnáziá 8  |c Šedivý, Medek, Odvárko, Riečan, Sýkora ; preklad Valéria Jablonská 
250 |a 1. vyd. 
260 |a Bratislava  |b Slovenské pedagogické nakladateľstvo  |c 1981 
300 |a 257 strán  |b ilustrácie, tabuľky  |c 21 cm 
366 |e 29870 výtl. 
500 |a Pravdepodobne preložené z češtiny 
650 0 7 |a matematika  |2 SNKPH  |9 70174 
655 7 |a učebnice stredných škôl  |2 SNKPH  |9 69323 
700 1 |a Šedivý, Jaroslav,  |d 1934-1988  |4 aut  |9 258256 
700 1 |a Medek, Václav,  |d 1923-1992  |4 aut  |9 207536 
700 1 |a Odvárko, Oldřich,  |d 1938-  |4 aut  |9 260432 
700 1 |a Riečan, Beloslav,  |d 1936-2018  |4 aut  |9 222087 
700 1 |a Sýkora, Václav,  |d 1943-  |4 aut  |9 238625 
700 1 |a Jablonská, Valéria,  |d 1945-  |4 trl  |9 39280 
852 |a Slovenská národná knižnica 
954 |a odborná, vedecká literatúra cudzojazyčná (svetová)  |2 lita 
958 |a OND 
958 |a OP 
958 |a EUIPO 
968 |b ČES 
999 |c 830682  |d 832612 
952 |a SNK  |b SNK  |y VYP  |7 0  |p 17A0126572  |o snkSC 44674/8 D1  |i snkKSP 366/81  |0 0  |1 0  |4 0  |d 1998-03-02  |l 0  |r 2005-01-02 00:00:00  |w 2026-02-24 
952 |a SNK  |b SNK  |y PREZ  |7 0  |p 17A0779554  |o snkSC 44674/8  |i snkKSP 365/81  |0 0  |1 0  |4 0  |d 2012-07-31  |f 1  |l 0  |r 2025-10-23 00:00:00  |w 2026-02-24